000 00682nam a2200229 a 4500
001 51743
003 BD-RjUL
005 20211209075716.0
008 160901s1964 enka b 001 0 eng
035 _a(BD-RjUL)51863
040 _aDLC
_cOYU
_dOCoLC
_dUk
_dDLC
_dBD-RjUL
_beng
041 _aeng
082 _a003.54
_223
_bBRS 1964
100 1 0 _aBrillouin, Léon
_d1889-
_9154732
245 1 0 _aScientific uncertainty and information /
_cLéon Brillouin
260 _aNew York ;
_bAcademic Press,
_cc1964.
300 _axiv, 164 p. :
_bill. ;
_c24 cm.
500 _aInclude index
650 0 _aInformation theory
_xPhilosophy.
_9154733
942 _2ddc
_cBK
999 _c51743
_d51743